00762pam a2200241 a 4500001000800000005001700008008004100025010001700066020003200083020004500115040001800160041000800178080001500186082001900201100000600220101000800226245004700234504005100281906004500332942001200377999001700389952011400406389066320180221085129.0900924s1990 vtua b 001 0 eng  a 90055400  a0882666185 (pbk.) :c$13.95 a0882666193 (hc) :c$22.95 ($29.95 Can.) aDLCcDLCdDLC aeng a635.7 SHAU00a635.7 SHAU2201 a9 aMJE10aHerbal treasures :cby Phyllis V. Shaudys. aIncludes bibliographical references and index. a7bcbccorignewd1eocipf19gy-gencatlg 2ddccBK c43073d43073 00102udc40708PËKGa002b002cPËKGd2018-02-21l0o635.7 SHAUp002-2999469r2018-02-21w2018-02-21yBK